Statistiques concernant Les 10 meilleures nations du Basketball.

Cliquez ici pour prendre le quiz!

Statistiques générales

  • Ce quiz a été pris 6 606 fois
    (1 388 depuis la dernière actualisation)
  • Le résultat moyen est 7 sur 10

Statistiques - réponses

RangNationPoints% Correct
1 États-Unis786.6
99%
9 France736.3
99%
2 Espagne778.2
95%
6 Canada745.5
89%
3 Allemagne759.7
87%
5 Serbie755.6
64%
7 Argentine743.8
61%
4 Australie755.8
61%
10 Lituanie715.5
44%
8 Lettonie743.7
33%

Distribution des résultats

Percentile par nombre de réponses

% des personnes avec chaque résultat

Votre développement - résultats

Vous n’avez pas pris ce quiz depuis la dernière actualisation